[Event "BRA-ch Regional Centro Oeste"]
[Site "Brasilia"]
[Date "2016.08.14"]
[Round "5.19"]
[White "Hoshino, Meilin"]
[Black "Lima, Wesley de Medeiros"]
[Result "1-0"]
[WhiteElo "1327"]
[BlackElo "1652"]
[PlyCount "56"]
[EventDate "2016.08.12"]
[EventType "swiss"]
[EventRounds "6"]
[EventCountry "BRA"]
[SourceTitle "EXT 2022"]
[Source "ChessBase"]
[SourceDate "2021.10.06"]
[SourceVersion "1"]
[SourceVersionDate "2021.10.06"]
[SourceQuality "1"]

1. d4 e6 2. c4 Nf6 3. Nf3 b6 4. a3 a5 5. Bg5 Be7 6. Nc3 c6 7. e3 d5 8. Be2 Bb7 9. 0-0 Ne4 10. Bxe7 Qxe7 11. Qc2 Nd6 12. b3 Nd7 13. Rfc1 Rc8 14. h3 c5 15. Nb5 Nxb5 16. cxb5 0-0 17. Qb2 cxd4 18. Qxd4 Rxc1+ 19. Rxc1 Qxa3 20. Rc7 Nc5 21. Nd2 Rc8 22. Qf4 Qc1+ 23. Nf1 Rxc7 24. Qxc7 g6 25. Qxb7 Qc3 26. h4 d4 27. exd4 Qxd4 28. h5 Qd5 1-0

[Event "BRA-ch Regional Centro Oeste"]
[Site "Brasilia"]
[Date "2016.08.12"]
[Round "2.9"]
[White "Lima, Wesley de Medeiros"]
[Black "Rosa, Paulo Estevao"]
[Result "0-1"]
[WhiteElo "1652"]
[BlackElo "1845"]
[PlyCount "53"]
[EventDate "2016.08.12"]
[EventType "swiss"]
[EventRounds "6"]
[EventCountry "BRA"]
[SourceTitle "EXT 2022"]
[Source "ChessBase"]
[SourceDate "2021.10.06"]
[SourceVersion "1"]
[SourceVersionDate "2021.10.06"]
[SourceQuality "1"]

1. e4 c6 2. Nf3 d5 3. e5 Bf5 4. d4 e6 5. Bf4 Nd7 6. Bd3 Bxd3 7. Qxd3 Qb6 8. b3 Ne7 9. Nbd2 c5 10. c4 Qc6 11. Rc1 Nf5 12. 0-0 Be7 13. Rfe1 0-0 14. g4 Nxd4 15. Nxd4 cxd4 16. Qxd4 Nb6 17. Qd3 Rfd8 18. Qf3 Rac8 19. cxd5 Qxd5 20. Qxd5 Nxd5 21. Be3 Bb4 22. Rxc8 Rxc8 23. Rd1 Nc3 24. Ra1 Ne2+ 25. Kf1 Ng3+ 26. hxg3 Bxd2 27. Ke2 0-1

[Event "Goiania Goias Cup"]
[Site "Goiania"]
[Date "2015.09.26"]
[Round "4"]
[White "Lima, Wesley de Medeiros"]
[Black "Rabelo, Jose Carlos Vargas"]
[Result "0-1"]
[WhiteElo "1761"]
[BlackElo "1639"]
[PlyCount "82"]
[EventDate "2015.09.25"]
[EventType "swiss"]
[EventRounds "6"]
[EventCountry "BRA"]
[SourceTitle "EXT 2016"]
[Source "ChessBase"]
[SourceDate "2015.10.08"]
[SourceVersion "1"]
[SourceVersionDate "2015.10.08"]
[SourceQuality "1"]

1. e4 c5 2. Nf3 d6 3. h3 Nf6 4. Nc3 a6 5. a4 g6 6. Bc4 Bg7 7. d3 0-0 8. 0-0 Nc6 9. Bg5 Bd7 10. Qd2 Qc8 11. Nd5 Qd8 12. Nb6 Qxb6 13. Bh6 Be6 14. Bxg7 Kxg7 15. Bxe6 fxe6 16. Ng5 Nd8 17. Rae1 e5 18. f4 exf4 19. Rxf4 h6 20. e5 hxg5 21. exf6+ exf6 22. Re7+ Rf7 23. Rfe4 Qxb2 24. h4 Nc6 25. Rxf7+ Kxf7 26. hxg5 f5 27. Rh4 Kg7 28. Qe3 Qa1+ 29. Kf2 Qe5 30. Qh3 Kf7 31. Rh7+ Ke6 32. Rxb7 Rh8 33. Qf3 Rh1 34. Qe3 Qxe3+ 35. Kxe3 Rc1 36. Kd2 Rg1 37. Rb6 Rxg2+ 38. Ke3 Nb4 39. c3 Nd5+ 40. Kf3 Nxb6 41. Kxg2 Nxa4 0-1